000 00511nam a2200205 a 4500
999 _c7970
_d7970
001 7970
003 BD-JhCC
005 20181006125146.0
008 180217m19391953enk 000 0 eng d
035 _a(BD-JhCC)7970
040 _aBD-JhCC
_cEQO
_dBD-JhCC
041 _aeng
082 _a428.2426
245 0 0 _aThis modern world :
_bpolitical education /
_cL. Brander (Editor)
260 _aLond.,
_c1939-53.
300 _a202 p. :
_c18 cm.
650 _aEnglish Language
942 _2ddc
_cBK